Kluby z Anglii które w XXI w. grały w europejskich pucharach - Statystyki

Ogólne statystyki
  • Ten quiz został rozwiązany 154 razy
    69 od ostatniego zresetowania
  • Średni wynik to 19 z 29
Statystyki odpowiedzi
Klub % Poprawnych
Manchester City
100%
Manchester United
100%
Tottenham Hotspur
98%
Arsenal
97%
Chelsea
95%
Liverpool FC
95%
Aston Villa
93%
West Ham United
90%
Everton
87%
Newcastle United
83%
Crystal Palace
78%
Fulham
73%
Leicester City
70%
Brighton & Hove Albion FC
68%
Leeds United
68%
Wolverhampton Wanderers
68%
Southampton FC
67%
Blackburn Rovers
55%
Birmingham City
45%
Wigan Athletic
43%
Portsmouth FC
42%
Burnley FC
40%
Bolton Wanderers
37%
Hull City
35%
Stoke City
35%
Swansea City
32%
Ipswich Town
30%
Middlesbrough FC
27%
Millwall
20%
Nie znaleziono quizów pasujących do podanych kryteriów
Rozkład punktacji
Procent ludzi z każdym wynikiem
Percentyl według liczby udzielonych odpowiedzi
Twoja historia wyników
Nie rozwiązałeś tego quizu od ostatniego zresetowania